00586 2200205 4500001002100000005001500021008004100036020002200077035001900099041000700118082000800125090001400133100001800147700001900165245011100184250001100295260003700306300002600343650001100369INLIS00000000001113320241224114127241224||||||||| | ||| |||| || |  a978-979-730-113-2 0010-1224011133 aid0 a530 a530 SUL f0 aDrs. Sulistyo0 aIr. P. Setyono00aIntisari FIsika untuk SMA Kelas X, XI, dan XII: RIngkasan Materi Lengkap disertai Soal Latihan dan Soal UN aRevisi aBandungbCV. Pustaka Setiac2012 a17,5x13 cm, 526 hlm.; 0aFisika